<?xml version="1.0" encoding="UTF-8"?>
<record
    xmlns:xsi="http://www.w3.org/2001/XMLSchema-instance"
    xsi:schemaLocation="http://www.loc.gov/MARC21/slim http://www.loc.gov/standards/marcxml/schema/MARC21slim.xsd"
    xmlns="http://www.loc.gov/MARC21/slim">

  <leader>01634nam a2200313 u 4500</leader>
  <controlfield tag="001">2381</controlfield>
  <controlfield tag="003">CO-MdUADB</controlfield>
  <controlfield tag="005">20260428104153.0</controlfield>
  <controlfield tag="008">950523s1994                        spa  </controlfield>
  <datafield tag="020" ind1=" " ind2=" ">
    <subfield code="a">9586480761</subfield>
  </datafield>
  <datafield tag="035" ind1=" " ind2=" ">
    <subfield code="a">2381</subfield>
  </datafield>
  <datafield tag="035" ind1=" " ind2=" ">
    <subfield code="a">(OCoLC)318178594</subfield>
  </datafield>
  <datafield tag="040" ind1=" " ind2=" ">
    <subfield code="c">comduadb</subfield>
  </datafield>
  <datafield tag="041" ind1=" " ind2=" ">
    <subfield code="a">spa</subfield>
  </datafield>
  <datafield tag="080" ind1=" " ind2=" ">
    <subfield code="a">D/</subfield>
  </datafield>
  <datafield tag="082" ind1=" " ind2="4">
    <subfield code="a">980</subfield>
  </datafield>
  <datafield tag="100" ind1="1" ind2="0">
    <subfield code="a">Candelier, Henri</subfield>
    <subfield code="4">aut</subfield>
    <subfield code="e">aut</subfield>
    <subfield code="9">239449</subfield>
  </datafield>
  <datafield tag="245" ind1="1" ind2="0">
    <subfield code="a">Riohacha y los indios guajiros</subfield>
  </datafield>
  <datafield tag="260" ind1=" " ind2=" ">
    <subfield code="a">Bogot&#xE1; :</subfield>
    <subfield code="b">Creset,</subfield>
    <subfield code="c">1994.</subfield>
  </datafield>
  <datafield tag="300" ind1=" " ind2=" ">
    <subfield code="a">168 p&#xE1;ginas :</subfield>
    <subfield code="b">ilustraciones, fotograf&#xED;as</subfield>
  </datafield>
  <datafield tag="490" ind1="0" ind2=" ">
    <subfield code="a">Inter&#xE9;s general</subfield>
  </datafield>
  <datafield tag="505" ind1="1" ind2=" ">
    <subfield code="a">Prefacio - Cap&#xED;tulo I. C&#xF3;mo me volv&#xED; explorador -  Cap&#xED;tulo II. La traves&#xED;a -  Cap&#xED;tulo III. Riohacha - Cap&#xED;tulo IV. Pen&#xED;nsula Guajira -  Cap&#xED;tulo V. Primer itinerario desde Riohacha hasta Bah&#xED;a Honda y a los Montes Macuira -  Cap&#xED;tulo VI. Manaure - Cap&#xED;tulo VII. Regreso a Yosuru - Cap&#xED;tulo VIII. Matrimonio - Cap&#xED;tulo IX. Regreso a Riohacha - Cap&#xED;tulo X. Un a&#xF1;o en Yosuru. - Ep&#xED;logo</subfield>
  </datafield>
  <datafield tag="520" ind1=" " ind2=" ">
    <subfield code="a">"El autor de nacionalidad francesa escribe este libro de cr&#xF3;nicas de la pen&#xED;nsula de la Guajira de finales del siglo XVIII(1893), en donde narra con un lenguaje sencillo y agradable las m&#xFA;ltiples aventuras de un viaje que realiz&#xF3; durante dos a&#xF1;os por la alta y la baja Guajira, describiendo al detalle, las costumbres, creencias y mitos de los indios guajiros que poblaban esta zona."</subfield>
  </datafield>
  <datafield tag="650" ind1=" " ind2=" ">
    <subfield code="a">Guajiros (&#xCD;ndigenas)</subfield>
    <subfield code="9">34179</subfield>
  </datafield>
  <datafield tag="650" ind1=" " ind2=" ">
    <subfield code="a">Riohacha (Colombia)</subfield>
    <subfield code="9">68450</subfield>
  </datafield>
  <datafield tag="650" ind1=" " ind2="0">
    <subfield code="a">Guajira (Colombia) - Historia (1895 - 1963)</subfield>
    <subfield code="9">50191</subfield>
  </datafield>
  <datafield tag="650" ind1=" " ind2="0">
    <subfield code="a">Colombia - Historia - Cronicas</subfield>
    <subfield code="9">4580</subfield>
  </datafield>
  <datafield tag="942" ind1=" " ind2=" ">
    <subfield code="c">BOOK</subfield>
    <subfield code="2">ddc</subfield>
  </datafield>
  <datafield tag="999" ind1=" " ind2=" ">
    <subfield code="c">2000</subfield>
    <subfield code="d">2000</subfield>
  </datafield>
  <datafield tag="952" ind1=" " ind2=" ">
    <subfield code="0">0</subfield>
    <subfield code="1">0</subfield>
    <subfield code="2">ddc</subfield>
    <subfield code="4">0</subfield>
    <subfield code="7">0</subfield>
    <subfield code="8">GEN</subfield>
    <subfield code="a">BC</subfield>
    <subfield code="b">BC</subfield>
    <subfield code="d">1997-11-24</subfield>
    <subfield code="i">C2976</subfield>
    <subfield code="l">0</subfield>
    <subfield code="o">980.461 C216r</subfield>
    <subfield code="p">01098021</subfield>
    <subfield code="r">2024-10-17 00:00:00</subfield>
    <subfield code="t">1</subfield>
    <subfield code="w">2023-04-20</subfield>
    <subfield code="y">BOOK</subfield>
  </datafield>
  <datafield tag="952" ind1=" " ind2=" ">
    <subfield code="0">0</subfield>
    <subfield code="1">0</subfield>
    <subfield code="4">0</subfield>
    <subfield code="7">0</subfield>
    <subfield code="8">SEMIACTIVA</subfield>
    <subfield code="a">BC</subfield>
    <subfield code="b">BC</subfield>
    <subfield code="d">1996-11-05</subfield>
    <subfield code="i">C2977</subfield>
    <subfield code="l">1</subfield>
    <subfield code="o">980.461 C216r e2</subfield>
    <subfield code="p">61000000669453</subfield>
    <subfield code="r">2023-09-14 00:00:00</subfield>
    <subfield code="s">2023-08-31</subfield>
    <subfield code="t">2</subfield>
    <subfield code="w">2023-04-20</subfield>
    <subfield code="y">BOOK</subfield>
  </datafield>
  <datafield tag="952" ind1=" " ind2=" ">
    <subfield code="0">0</subfield>
    <subfield code="1">0</subfield>
    <subfield code="4">0</subfield>
    <subfield code="7">0</subfield>
    <subfield code="8">GENERAL</subfield>
    <subfield code="a">INER</subfield>
    <subfield code="b">INER</subfield>
    <subfield code="d">2012-06-04</subfield>
    <subfield code="i">C1145867</subfield>
    <subfield code="l">0</subfield>
    <subfield code="o">D/0006</subfield>
    <subfield code="p">0642465</subfield>
    <subfield code="r">2023-04-20 00:00:00</subfield>
    <subfield code="t">4</subfield>
    <subfield code="w">2023-04-20</subfield>
    <subfield code="y">BOOK</subfield>
  </datafield>
  <datafield tag="952" ind1=" " ind2=" ">
    <subfield code="0">0</subfield>
    <subfield code="1">0</subfield>
    <subfield code="2">FAC</subfield>
    <subfield code="4">0</subfield>
    <subfield code="7">0</subfield>
    <subfield code="8">ANTROP</subfield>
    <subfield code="a">MUSEO</subfield>
    <subfield code="b">MUSEO</subfield>
    <subfield code="d">2023-07-27</subfield>
    <subfield code="e">Donado por Sandra Mar&#xED;a Turbay</subfield>
    <subfield code="f">DONA</subfield>
    <subfield code="l">0</subfield>
    <subfield code="o">ANTR-ETNO/087</subfield>
    <subfield code="p">01061727</subfield>
    <subfield code="r">2024-02-27 00:00:00</subfield>
    <subfield code="t">5</subfield>
    <subfield code="w">2024-02-27</subfield>
    <subfield code="y">BOOK</subfield>
  </datafield>
</record>
